Tasks for language teachers : (Record no. 200003158)
[ view plain ]
| 000 -LEADER | |
|---|---|
| fixed length control field | 00844 a2200253 4500 |
| 001 - CONTROL NUMBER | |
| control field | 200003158 |
| 003 - CONTROL NUMBER IDENTIFIER | |
| control field | TR-AnTOB |
| 005 - DATE AND TIME OF LATEST TRANSACTION | |
| control field | 20200630161832.0 |
| 008 - FIXED-LENGTH DATA ELEMENTS--GENERAL INFORMATION | |
| fixed length control field | 110318s2009 enk 000 0 |
| 020 ## - INTERNATIONAL STANDARD BOOK NUMBER | |
| International Standard Book Number | 9780521426664 |
| 040 ## - CATALOGING SOURCE | |
| Original cataloging agency | TR-AnTOB |
| 041 ## - LANGUAGE CODE | |
| Language code of text/sound track or separate title | İngilizce |
| 050 00 - LIBRARY OF CONGRESS CALL NUMBER | |
| Classification number | P53.85 |
| Item number | .P37 2009 |
| 090 ## - LOCALLY ASSIGNED LC-TYPE CALL NUMBER (OCLC); LOCAL CALL NUMBER (RLIN) | |
| Classification number (OCLC) (R) ; Classification number, CALL (RLIN) (NR) | P53.85 .P37 2009 |
| 100 1# - MAIN ENTRY--PERSONAL NAME | |
| Personal name | Parrott, Martin |
| 9 (RLIN) | 73224 |
| 245 10 - TITLE STATEMENT | |
| Title | Tasks for language teachers : |
| Remainder of title | a resource book for training and development / |
| Statement of responsibility, etc. | Martin Parrott. |
| 264 #1 - PRODUCTION, PUBLICATION, DISTRIBUTION, MANUFACTURE, AND COPYRIGHT NOTICE | |
| Place of production, publication, distribution, manufacture | Cambridge : |
| Name of producer, publisher, distributor, manufacturer | Cambridge University Press , |
| Date of production, publication, distribution, manufacture, or copyright notice | 2009. |
| 300 ## - PHYSICAL DESCRIPTION | |
| Extent | 325 p. ; |
| Dimensions | 23 cm. |
| 490 0# - SERIES STATEMENT | |
| Series statement | Cambridge teacher training and development |
| 504 ## - BIBLIOGRAPHY, ETC. NOTE | |
| Bibliography, etc. note | |
| 505 ## - FORMATTED CONTENTS NOTE | |
| Formatted contents note | 1. For the trainer. -- 2. Tasks and accompanying notes. -- 3. Resources bank. |
| 650 #0 - SUBJECT ADDED ENTRY--TOPICAL TERM | |
| Topical term or geographic name entry element | Language teachers |
| General subdivision | Training of |
| 9 (RLIN) | 38858 |
| 942 ## - ADDED ENTRY ELEMENTS (KOHA) | |
| Koha item type | Book |
No items available.
